000 00782nam a22001817a 4500
999 _c371720
_d371720
008 201127b ||||| |||| 00| 0 eng d
040 _aDE-2950
_bger
_cDE-2950
_erda
041 _ager
245 _aHansestadtfest in Slubice beginnt.
_bUnterhaltung: Bevor der Bunte Hering in Frankfurt ansteht, geht heute das Programm östlich der Oder los. Worau Besucher sich freuen können und wo es zu Einschränkungen im Verkehr kommen kann /
_cJacqueline Westermann
264 _c2022
653 _aSlubice <Polen>
653 _aHansestadtfest
773 _dFrankfurt (Oder) Märkisches Verlags- und Druckhaus GmbH & Co KG
_tMärkische Oderzeitung
_g33. Jahrgang (2022) Nr. 151 vom 01.07.2022, S. 15
942 _cA